|
|
|
|
| LEADER |
00000nam0a2200000 4500 |
| 001 |
22828 |
| 005 |
20231030194913.0 |
| 010 |
|
|
|a 5160001816
|
| 035 |
|
|
|a (RuTPU)RU\TPU\book\23042
|
| 035 |
|
|
|a BOOK00023114
|
| 090 |
|
|
|a 22828
|
| 100 |
|
|
|a 20011209d2000 m y0rusy50 ca
|
| 101 |
0 |
|
|a rus
|
| 102 |
|
|
|a RU
|
| 105 |
|
|
|a a j 000zy
|
| 200 |
1 |
|
|a Институциональная экономика
|e учебное пособие
|f А. Н. Олейник
|
| 210 |
|
|
|a Москва
|c Инфра-М
|d 2000
|
| 215 |
|
|
|a 413 с.
|c ил.
|
| 225 |
1 |
|
|a Высшее образование
|
| 451 |
|
1 |
|0 (RuTPU)RU\TPU\book\181345
|y 978-5-16-004316-6
|t Институциональная экономика
|o учебное пособие
|f А. Н. Олейник
|c М.
|n Инфра-М
|d 2010
|p 416 с.
|s Высшее образование
|a Олейник, Антон Николаевич
|
| 610 |
1 |
|
|a экономика
|
| 610 |
1 |
|
|a институционализм
|
| 610 |
1 |
|
|a экономическая теория
|
| 610 |
1 |
|
|a игры
|
| 610 |
1 |
|
|a институционная теория
|
| 610 |
1 |
|
|a институты
|
| 610 |
1 |
|
|a внелегальная экономика
|
| 610 |
1 |
|
|a домашнее хозяйство
|
| 610 |
1 |
|
|a государство
|
| 610 |
1 |
|
|a организационные структуры
|
| 610 |
1 |
|
|a контакты
|
| 610 |
1 |
|
|a фирмы
|
| 610 |
1 |
|
|a учебные пособия
|
| 610 |
1 |
|
|a институциональная экономика
|
| 686 |
|
|
|a У011я73
|v LBC/SL-A
|2 rubbk
|
| 700 |
|
1 |
|a Олейник
|b А. Н.
|g Антон Николаевич
|
| 801 |
|
0 |
|a RU
|b 63413507
|c 20011209
|g PSBO
|
| 801 |
|
2 |
|a RU
|b 63413507
|c 20151217
|g PSBO
|
| 942 |
|
|
|c BK
|